000 00563nam a2200217Ia 4500
003 OSt
005 20220928141146.0
006 a|||||r|||| 00| 0
007 ta
008 220927b |||||||| |||| 00| 0 eng d
024 _a13961
037 _cTextual
040 _aSDCL
_cSDCL
_beng
041 _2eng
_aeng
082 _aO-,L:g, L3.2
100 _aPagliaro Harold E Ed.
_9499309
245 0 _aIrrationalism in the eighteenth century.
260 _c1973
942 _hO-,L:g, L3.2
_cTEXL
_2CC
999 _c816370
_d816370